La Cooperativa de Arte en Video : recopilación del Maratón Mexicano de Arte en Video /
Selección de 27 videos presentados durante las dos primeras Cooperativas de Arte en Video (Museo Tamayo de Arte Contemporáneo, 2003 y durante el Festival Internacional de Cine Contemporáneo de la Ciudad de México, 2007), cuyo objetivo es mostrar el uso del video para la expresión artística en México...
Guardado en:
| Institution som forfatter: | |
|---|---|
| Andre forfattere: | , , |
| Format: | |
| Sprog: | spansk |
| Udgivet: |
México :
Laboratorio Arte Alameda : CONACULTA : Fundación Jumex,
fecha no identificada
|
| Serier: | (Colección Jumex)
|
| Fag: | |
| Tags: |
Ingen Tags, Vær først til at tagge denne postø!
|
MARC
| LEADER | 00000ngm^a2200000^a^4500 | ||
|---|---|---|---|
| 001 | 000297888 | ||
| 005 | 20251020000000.0 | ||
| 009 | 20260310112351.982 | ||
| 037 | |a Acervo ITESO - Biblioteca | ||
| 041 | |a ESP | ||
| 082 | |a 860. |b COO | ||
| 110 | |a Cooperativa de Arte en Video (México) | ||
| 245 | 1 | 3 | |a La Cooperativa de Arte en Video : |b recopilación del Maratón Mexicano de Arte en Video / |c Selec. y curaduría de A. Salomón, A. Loera ; coord. general de F. Llanos. |
| 264 | 1 | |a México : |b Laboratorio Arte Alameda : |b CONACULTA : |b Fundación Jumex, |c fecha no identificada | |
| 300 | |a 1 DVD multirregión |c (84 min.) + |e 1 folleto ([12] p.) | ||
| 336 | |a imagen móvil bidimensional |b tdi |2 rdacontenido | ||
| 337 | |a video |b v |2 rdamedio | ||
| 338 | |a videodisco |b vd |2 rdasoporte | ||
| 440 | 1 | |a (Colección Jumex) | |
| 520 | |a Selección de 27 videos presentados durante las dos primeras Cooperativas de Arte en Video (Museo Tamayo de Arte Contemporáneo, 2003 y durante el Festival Internacional de Cine Contemporáneo de la Ciudad de México, 2007), cuyo objetivo es mostrar el uso del video para la expresión artística en México durante las últimas décadas. Contiene: 1. Sujeto morfológico (Carolina Esparragoza, 1999); 2. La sombra (Víctor Manuel Dzul chi, 2003); 3. Damas de rojo (Sharon Toribio, 2002); 4. Y no escogí este cuerpo, y no soy este cuerpo (Alejandra Echeverría, 1998); 5. Videografitites (Guillermo Gómez-Peña, 2001); 6. Magic Silhuette (Paulina del Paso, 2001); 7. Tómbola (Ximena Cuevas, 2003); 8. Cuando calienta el sol (Alfredo Salomón, 2002); 9. Robot (Arcángel Constantini, 1999); 10. Magré-tout (Manolo Arriola, 2001); 11. Conejo cruzando el bosque (2002); 12. Misterio 8 (Simon Gergaud, 2006); 13. CITta (Fernando Llanos, 2004); 14. El amor es ciego (César Marínez, 2006); 15. Microftalmia (Andrea Robles, Adriana Bravo, 2005); 16. Simulacro (Héctor Falcón, 2005); 17. Gritones (Roberto de la Torre, 2005); 18. Policías (Yibrán Asuad, 2007); 19. Bleur (Antonio Domínguez, 2006); 20. S. Hamaliuk (Laura Cuello, Esteban Azuela, 2006); 21. Perseverante (Alejandro Coronado Cortés, 2006); 22. Draw Dead (Edgar Orlaineta, 2001); 23. Universe 2 (Mauricio Alejo, 2004); 24. MTV Spots (Miguel Calderón), 25. The First Bath (Sarah Minter, 2006); 26. Pa' que veas lo que se siente (Pedro "Zulu" González, 2006); 27. Feliz cumpleaños # 25 (Emilio Valdés, 2006). | ||
| 649 | |a XX | ||
| 650 | |a Cortometrajes y Mediometrajes Mexicanos | ||
| 650 | |a Video-Arte - |z México | ||
| 650 | |a Cine de Autor | ||
| 650 | |a Video - |z México - |y 1990-1999 | ||
| 650 | |a Video - |z México - |y 2000-2009 | ||
| 650 | |a Video - |z México - |y Siglo XX | ||
| 650 | |a Video - |z México - |y Siglo XXI | ||
| 650 | |a Cine Mexicano - |y 1990-1999 | ||
| 650 | |a Cine Mexicano - |y 2000-2009 | ||
| 650 | |a Cine Mexicano - |y Siglo XX | ||
| 650 | |a Cine Mexicano - |y Siglo XXI | ||
| 650 | |a Arte Mexicano - |y 2000-2009 | ||
| 650 | |a Arte Mexicano - |y Siglo XXI | ||
| 700 | |a Salomón, Alfredo |e (selec. y curaduría) | ||
| 700 | |a Llanos, Fernando |e (selec. y curaduría) | ||
| 700 | |a Llanos, Fernando |e (coord.) | ||
| 910 | |a Fondo General | ||
| 920 | |a Audiovisuales - DVDs | ||
| 940 | |a Películas | ||
| 905 | |a 302 | ||
| 901 | |a 0500197947 |b IT2 |c DVS |i C118375 |u 20250521 | ||
| 901 | |a 0500197955 |b IT2 |c MIN |u 20251020 | ||
| 902 | |a https://opac.biblio.iteso.mx/vufind/Record/000297888 | ||